Pays ayant la plus faible densité de population - Statistiques

Statistiques générales
  • Ce quiz a été pris 49 067 fois
    12 532 depuis la dernière actualisation
  • Le résultat moyen est 11 sur 20
Statistiques - réponses
hab/km² Pays % Correct
8,43 Russie
95%
4,01 Canada
88%
3,50 Australie
86%
2,24 Mongolie
83%
7,64 Kazakhstan
74%
16,5 Argentine
65%
16,6 Finlande
61%
16,0 Arabie Saoudite
58%
16,3 Tchad
53%
3,86 Islande
52%
4,23 Libye
47%
15,6 Turkménistan
47%
5,14 Mauritanie
46%
3,74 Namibie
45%
11,4 Bolivie
38%
4,39 Botswana
31%
8,81 République Centrafricaine
29%
3,89 Guyana
21%
3,90 Suriname
21%
9,70 Gabon
14%
Aucun quiz correspondant
Distribution des résultats
% des personnes avec chaque résultat
Percentile par nombre de réponses
Votre historique - résultats
Vous n’avez pas pris ce quiz depuis la dernière actualisation